000 00316nam a2200145 4500
008 170216s1980||||xo d
245 1 0 _aKrižovatky bez nehôd
250 _a1. vydanie
260 _bNovinár
_aPraha
_c1980
300 _a88 s.
020 _c0
041 1 _aslo
044 _axo
_cSK
958 _aAPR
999 _c21305
_d21305